
Library Catalogue

| 000 -LEADER | |
|---|---|
| fixed length control field | 01609nam a2200205Ia 4500 |
| 003 - CONTROL NUMBER IDENTIFIER | |
| control field | OSt |
| 005 - DATE AND TIME OF LATEST TRANSACTION | |
| control field | 20251210125732.0 |
| 008 - FIXED-LENGTH DATA ELEMENTS--GENERAL INFORMATION | |
| fixed length control field | 201216b2016 ||||| |||| 00| 0 eng |
| 040 ## - CATALOGING SOURCE | |
| Transcribing agency | NLS |
| 100 ## - MAIN ENTRY--PERSONAL NAME | |
| Personal name | Anirudh T |
| 245 #0 - TITLE STATEMENT | |
| Title | Case Study Analysis Of Adequate Compensation Opportunities For Employees During Retrenchment, Lay-Off And Closure: |
| Remainder of title | Special focus on JL Morison and Kingfisher Airlines Pvt Ltd |
| 260 ## - PUBLICATION, DISTRIBUTION, ETC. | |
| Place of publication, distribution, etc. | Bangalore |
| Name of publisher, distributor, etc. | NLSIU |
| Date of publication, distribution, etc. | 2016 |
| 300 ## - PHYSICAL DESCRIPTION | |
| Extent | 93p |
| 505 ## - FORMATTED CONTENTS NOTE | |
| Formatted contents note | Contents<br/>Preface;<br/>List of Abbreviations;<br/>List of tables;<br/>Abstract;<br/>2 Background;<br/>3 Significance of study - Research problem;<br/>4 Research objective;<br/>5 Research questions;<br/>6 Theoretical framework;<br/>• Systematic literature survey;<br/>• Legislative framework;<br/>• Conceptual framework;<br/>7 Research methodology;<br/>• Design of study;<br/>• Data collection and description of setting;<br/>• Data analysis;<br/>• Ethical issues and limitations;<br/>8 Research Findings and Analysis - Case demonstrations;<br/>8a Case study 1 : JL Morison (lndia) Pvt Ltd and ID Act 1947;<br/>8b Case study 2 : Kingfisher Airlines Pvt Ltd and SICA 1985, SARFAESI Act 2002, Companies Act 1956 & 2013 and the road to the Insolvency and Bankruptcy Code, 2016;<br/>9 Putting pieces together- Building the argument;<br/>10 Developing the policy perspective - recommendations, suggestions, summarization;<br/>11 References and Annexures.<br/> |
| 650 ## - SUBJECT ADDED ENTRY--TOPICAL TERM | |
| Topical term or geographic name entry element | Compensation Opportunities for Employees - |
| 650 ## - SUBJECT ADDED ENTRY--TOPICAL TERM | |
| Topical term or geographic name entry element | Kingfisher Airlines - Lay-offs & Closure |
| 700 ## - ADDED ENTRY--PERSONAL NAME | |
| Personal name | Dr. Kaushik Basu - Guide |
| 856 ## - ELECTRONIC LOCATION AND ACCESS | |
| Uniform Resource Identifier | <a href="https://dans.nls.ac.in/handle/123456789/134">https://dans.nls.ac.in/handle/123456789/134</a> |
| 942 ## - ADDED ENTRY ELEMENTS (KOHA) | |
| Koha item type | Dissertation |
| Source of classification or shelving scheme | Dewey Decimal Classification |
| Withdrawn status | Lost status | Damaged status | Not for loan | Home library | Current library | Shelving location | Date acquired | Total Checkouts | Barcode | Date last seen | Price effective from | Koha item type |
|---|---|---|---|---|---|---|---|---|---|---|---|---|
| . | . | 09.08.2019 | MPP003 | 09.08.2019 | 09.08.2019 | Dissertation |